University Home | Library Home | Institutional Repository

World guide to abbreviations of organizations / (Record no. 171565)

MARC details
000 -LEADER
fixed length control field 00826cam3a220026500 4500
001 - CONTROL NUMBER
control field lce00046382
008 - FIXED-LENGTH DATA ELEMENTS--GENERAL INFORMATION
fixed length control field 751014s1974 enk b 000 0 eng
010 ## - LIBRARY OF CONGRESS CONTROL NUMBER
LC control number 75326653
015 ## - NATIONAL BIBLIOGRAPHY NUMBER
National bibliography number GB75-14576
020 ## - INTERNATIONAL STANDARD BOOK NUMBER
Terms of availability L.10.00
035 ## - SYSTEM CONTROL NUMBER
System control number (Sirsi) r63271
035 ## - SYSTEM CONTROL NUMBER
System control number (DLC) 75326653
035 ## - SYSTEM CONTROL NUMBER
System control number (UPRA)lce00046382
040 ## - CATALOGING SOURCE
Modifying agency UPRA
050 0# - LIBRARY OF CONGRESS CALL NUMBER
Classification number AS8
Item number .B8 1974
082 ## - DEWEY DECIMAL CLASSIFICATION NUMBER
Classification number 060/.1/48
100 1# - MAIN ENTRY--PERSONAL NAME
Personal name Buttress, F. A.
Linkage A23032.1
245 10 - TITLE STATEMENT
Title World guide to abbreviations of organizations /
Statement of responsibility, etc. F.A. Buttress.
250 ## - EDITION STATEMENT
Edition statement 5th ed.
260 ## - PUBLICATION, DISTRIBUTION, ETC.
Place of publication, distribution, etc. Leighton Buzzard :
Name of publisher, distributor, etc. L. Hill,
Date of publication, distribution, etc. 1974.
504 ## - BIBLIOGRAPHY, ETC. NOTE
Bibliography, etc. note Bibliography: p. [5].
650 #0 - SUBJECT ADDED ENTRY--TOPICAL TERM
Topical term or geographic name entry element Associations, institutions, etc. -- Abbreviations.
General subdivision Associations, institutions, etc. -- Abbreviations.
Linkage S16250.1
949 ## - LOCAL PROCESSING INFORMATION (OCLC)
a AS8
w lcc
i -84026
m MAIN
t BOOK
l ON-SHELF

No items available.

© 2026 - The University of Zambia Library - Koha v25.11